000 07825nam a22006137a 4500
005 20120209115343.0
010 _aB-473579-608
020 _c50.00
_a9788185586656
035 _aB-473579-608
037 _bब्लूबेरी बुक्स
082 _a
100 _aचुग़तई, इस्मत
_950832
245 _aदो हाथ /
_cइस्मत चुग़तई;शुद्धसत्व बसु द्वारा चित्रांकित
250 _a5वां संस्क
260 _aनई दिल्ली
_bकथा
_c2010
270 _aए-3 सर्वोदय एनक्लेव, श्री औरोबिन्दो मार्ग
_bनई दिल्ली
_e110017
300 _a20पृ.
_bसचित्र
_c22सेमी (अजिल्द)
500 _aमूल उर्दू भाषा से अनूदित
700 _aबसु, शुद्धसत्व
_941293
700 _941305
942 _2ddc
_cCH
_h
_mचुग़त
999 _c62373
_d62373